| 000 | 00671cab a2200217 4500 | ||
|---|---|---|---|
| 001 | WB3406-06 | ||
| 008 | 090401t1998 xxu||||| |||| 00| 0 eng d | ||
| 035 | _a(Sirsi) u83614 | ||
| 041 | _aeng | ||
| 245 | _aIndustrial take-up record | ||
| 260 | _c1998 | ||
| 350 | _a0 | ||
| 490 |
_aProperty Week _v61(5) 6 February 1998, 8(1) |
||
| 520 | _aIndustrial floorspace occupied in the South-east has reached its highest level in four years. according to Hillier Parker. | ||
| 650 | _aINDUSTRIAL MARKET | ||
| 650 | _aINDUSTRIAL SPACE | ||
| 650 | _aSOUTH EAST | ||
| 690 | _aPROPERTY-COMMERCIAL PROPERTY-COMMERCIAL PROPERTY MARKET | ||
| 942 | _n0 | ||
| 948 | _c09/02/1998 | ||
| 999 |
_c52823 _d52823 |
||